00713nam a22002057a 450000500170000001000150001702000260003203500140005803700130007208200110008510000200009624500640011626000480018027000460022830000250027450000410029994200250034099900190036595201230038420170825164117.0 aENG-120086 a9789352341313c400.00 aEN-103618 bDBAD/PUB a883.08 aDarkhasha Azhar aArundhati Roy :cby Darkhasha Azharbinvincible visionary / aNew DelhibAyushman Publication Housec2017 aF-14,Kauz Khas EnclavebNew Delhie110016 awjjj,125p.c22cm(Hb) aIncludes bibliographical references  2ddccENh883.08mDAR c143855d143855 001040718NFICaDBADbBNd2017-08-25eDBAD/PUBg400.00l0o883.08 DARpEN-103618r2017-08-25 00:00:00t1v400.00yEN